Word Ladder: Breaking Bad? Quiz Stats

 Plays Quiz Updated Oct 1, 2018

Challenge
Share
Tweet
Embed
Score 0/22 Timer 03:00
9 Plays Today
Clue Answer % Correct
1.609 kilometresMILE
92.7%
One who has XY sex chromosomesMALE
92.6%
IdenticalSAME
89.9%
StoryTALE
88.7%
»NaCl; flavouring or preservative«¤SALT¤
88.6%
Mentally soundSANE
86%
Exchange or transactionSALE
85.6%
Weakest of a litterRUNT
84.9%
Germinated grainMALT
83.3%
CrippledLAME
80.4%
MandatoryMUST
77.4%
Clue Answer % Correct
»Fe2O3•nH2O; red oxide«¤RUST¤
76.7%
ImitateMIME
76.3%
»CaO; soil alkalizer«¤LIME¤
74%
»SiO2; granular material«¤SAND¤
70.6%
DiatribeRANT
69.6%
SilentMUTE
64.9%
South African currencyRAND
64.2%
Clio, Erato or Thalia, e.g.MUSE
63.1%
»H2Mg3(SiO3)4; cosmetic or lubricant«¤TALC¤
57.1%
»C10H15N; drug (slang/abbrev.)«¤METH¤
56.9%
Dispense or administerMETE
44.6%

Today's Daily Dose

You're not logged in!

Compare scores with friends on all Sporcle quizzes.
OR
Log In

You Might Also Like...

Show Comments

Extras

Top Quizzes Today


Score Distribution

Your Account Isn't Verified!

In order to create a playlist on Sporcle, you need to verify the email address you used during registration. Go to your Sporcle Settings to finish the process.

Report this User

Report this user for behavior that violates our Community Guidelines.

Details: